| 000 | 00636nam a22002057a 4500 | ||
|---|---|---|---|
| 999 |
_c10319 _d10319 |
||
| 003 | AR-CdUCM | ||
| 008 | 190329b ||||| |||| 00| 0 spa d | ||
| 040 |
_aMUNICIPALIDAD PROVINCIAL DEL CUSCO _cBIBLIOTECA MUNICIPAL DEL CUSCO |
||
| 082 |
_aES / 800 / _bS36 |
||
| 100 |
_aSegura, Manuel Ascencio _927116 |
||
| 245 |
_aEl sargento canuto, La saya y manto : _bComedias / |
||
| 260 |
_aLima : _bMercurio, _c1987. |
||
| 300 |
_a168 paginas ; _c17 cm. |
||
| 440 |
_aLeo. _927117 |
||
| 505 | _aContenido :El sargento canuto. | ||
| 650 |
_aHistorietas. _910786 |
||
| 650 |
_aLiteratura peruana. _9169 |
||
| 942 |
_2ddc _cLIBROS |
||
| 945 | _arum | ||